header

Security modeling and analysis of mobile agent systems (Record no. 223210)

MARC details
000 -LEADER
fixed length control field 01411nam a2200349Ia 4500
100 1# - MAIN ENTRY--AUTHOR NAME
Personal name Ma, Lu.
245 10 - TITLE STATEMENT
Title Security modeling and analysis of mobile agent systems
260 ## - PUBLICATION, DISTRIBUTION, ETC. (IMPRINT)
Place of publication London ;
-- Hackensack, NJ :
Name of publisher Imperial College Press,
Year of publication c2006.
300 ## - PHYSICAL DESCRIPTION
Number of Pages xii, 200 p. :
Other physical details ill.
490 1# - SERIES STATEMENT
Series statement Series in electrical and computer engineering ;
650 #0 - SUBJECT ADDED ENTRY--TOPICAL TERM
Topical Term Mobile agents (Computer software)
Topical Term Intelligent agents (Computer software)
700 1# - ADDED ENTRY--PERSONAL NAME
Personal name Tsai, Jeffrey J.-P.
856 40 - ELECTRONIC LOCATION AND ACCESS
Uniform Resource Identifier http://site.ebrary.com/lib/rucke/Doc?id=10201142

No items available.

© 2026 Rongo University
Contact us: librarian | system librarian | Rongo university